000 004050000a22001690004500
003 MACL
005 20160106131948.0
008 160106b xxu||||| |||| 00| 0 eng d
040 _aMACL
_cMACL
041 _aEnglish
082 _a822/ELI
100 _aEliot, T S
_928633
245 _aMurder In The Cathedral
260 _bFaber And Faber
_aLondon
650 _aDrama
_928634
942 _cBK
_k822/Eli
_2ddc
999 _c36650
_d36650